College Football Team Mascots - Statistics

General Stats
  • This quiz has been taken 3,664 times
  • The average score is 99 of 129
Answer Stats
Team Nickname % Correct
Auburn | Clemson | LSU | +2 others Tigers
96%
Alabama Crimson Tide
95%
Arizona | Kansas State | Kentucky | Northwestern Wildcats
93%
Baylor Bears
92%
Georgia | Louisiana Tech | Mississippi State Bulldogs
92%
Stanford Cardinal
91%
Florida Gators
90%
Arkansas Razorbacks
90%
Duke Blue Devils
89%
Ohio State Buckeyes
89%
Oregon Ducks
89%
Texas Longhorns
88%
Miami (FL) Hurricanes
87%
Michigan State | San Jose State Spartans
87%
Michigan Wolverines
87%
New Mexico State | Texas A&M | Utah State Aggies
86%
Oklahoma State | Wyoming Cowboys
86%
Boston College | Eastern Michigan | Georgia Southern Eagles
86%
Notre Dame Fighting Irish
86%
Iowa Hawkeyes
86%
Connecticut | Northern Illinois | Washington Huskies
86%
Kansas Jayhawks
86%
Oklahoma Sooners
86%
Arizona State Sun Devils
86%
Ball State | Louisville Cardinals
85%
Nebraska Cornhuskers
85%
BYU | Houston | Washington State Cougars
85%
TCU Horned Frogs
85%
Syracuse Orange
85%
Florida State Seminoles
85%
Southern California (USC) | Troy Trojans
85%
Tennessee Volunteers
85%
Purdue Boilermakers
84%
Wisconsin Badgers
83%
Oregon State Beavers
83%
Boise State | Western Michigan Broncos
83%
Appalachian State | West Virginia Mountaineers
83%
Florida Atlantic | Rice | Temple Owls
83%
North Carolina Tar Heels
83%
Cincinnati Bearcats
82%
South Carolina Gamecocks
82%
Indiana Hoosiers
82%
UCLA Bruins
80%
Iowa State Cyclones
80%
Florida International | Georgia State | Pittsburgh Panthers
80%
Penn State Nittany Lions
79%
Mississippi | UNLV Rebels
79%
Nevada Wolf Pack
79%
NC State Wolfpack
79%
Buffalo | South Florida (USF) Bulls
78%
East Carolina Pirates
78%
Utah Utes
78%
Air Force | Bowling Green Falcons
77%
Colorado State Rams
77%
Texas Tech Red Raiders
77%
Cal Golden Bears
76%
Minnesota Golden Gophers
76%
UCF Knights
76%
Georgia Tech Yellow Jackets
76%
Akron Zips
76%
Colorado Buffaloes
75%
Hawaii Rainbow Warriors
75%
Illinois Fighting Illini
74%
Southern Methodist (SMU) Mustangs
74%
Virginia Cavaliers
73%
Tulane Green Wave
73%
Virginia Tech Hokies
73%
Navy Midshipmen
72%
Maryland Terrapins
72%
San Diego State Aztecs
70%
Ohio | Texas State Bobcats
69%
Rutgers Scarlet Knights
68%
Army Black Knights
67%
Vanderbilt Commodores
65%
UTEP Miners
65%
New Mexico Lobos
63%
Massachusetts Minutemen
62%
UTSA Roadrunners
62%
Toledo Rockets
61%
Marshall Thundering Herd
61%
Idaho Vandals
56%
North Texas Mean Green
55%
Charlotte 49ers
53%
Southern Miss Golden Eagles
52%
Western Kentucky Hilltoppers
52%
Central Michigan Chippewas
50%
UAB Blazers
48%
Louisiana-Lafayette Ragin' Cajuns
48%
Tulsa Golden Hurricane
47%
Miami (OH) RedHawks
47%
Coastal Carolina Chanticleers
46%
South Alabama Jaguars
46%
Kent State Golden Flashes
45%
Arkansas State Red Wolves
45%
Middle Tennessee State Blue Raiders
39%
Old Dominion Monarchs
38%
Louisiana-Monroe Warhawks
32%
Wake Forest Deamon Deacons
18%
No matching quizzes found
Score Distribution
Percent of People with Each Score
Percentile by Number Answered
Your Score History
You have not taken this quiz